000 00762nam a2200241 a 4500
003 CBULib
005 20250721100905.0
008 111117s2011 ||||||||||||||||| || u
040 _aCBULib
_bEnglish
_cCBULib
_dCBULib
_erda
050 _aCTA(05)SP
110 _aTechnical Centre for Agricultural and Rural Cooperation (CTA)
245 1 0 _aSpore: Modernising farms: Paths to success
260 _aWageningen
_bCTA
_c2011
300 _a34pages. ;ill.
336 _2rdacontent
_aText |
_btxt
337 _2rdamedia
_aUnmediated |
_bn
338 _2rdacarrier
_aVolume
_bnc
500 _aSpecial Issue - August 2011
650 _aFARMS, SMALL
650 _aAGRICULTURE
942 _2lcc
_c023
999 _c58109
_d58109